Networks for Learning and Knowledge Creation in Biotechnology

Salvato in:
Dettagli Bibliografici
Autore principale: Oliver, Amalya Lumerman (Autore)
Natura: Libro
Lingua:inglese
Pubblicazione: New York : Cambridge University Press, 2011
Edizione:1. vyd.
Soggetti:
Tags: Aggiungi Tag
Nessun Tag, puoi essere il primo ad aggiungerne!!

MARC

LEADER 00000nam a22000003a 4500
001 stu301568
005 20150617230325.3
008 141203s2011------------------------eng-d
020 |a 978-0-521-18877-7 
040 |a STU  |b slo 
041 0 |a eng 
080 |a 60,557.113 
100 1 |a Oliver, Amalya Lumerman  |4 aut 
245 1 |a Networks for Learning and Knowledge Creation in Biotechnology 
250 |a 1. vyd. 
260 |a New York :  |b Cambridge University Press,  |c 2011 
300 |a 252 s 
650 7 |a biotechnológia  |2 stusub 
650 7 |a počítačová sieť  |2 stusub 
996 |b 284J043513  |c J*117603  |l JJST  |s P  |a 0  |w stu301568_0001